Statistics for Best Current Russian NHL Players

Click here to take the quiz!

General Stats

  • This quiz has been taken 176 times
    (131 since last reset)
  • The average score is 14 of 26

Answer Stats

PositionTeamAnswer% Correct
ForwardWashington CapitalsAlex Ovechkin
98%
ForwardPittsburgh PenguinsEvgeni Malkin
97%
ForwardTampa Bay LightningNikita Kucherov
94%
ForwardNew York RangersArtemi Panarin
88%
ForwardSt Louis BluesVladimir Tarasenko
84%
ForwardWashington CapitalsEvgeni Kuznetsov
74%
GoalieFlorida PanthersSergei Bobrovsky
71%
GoalieTampa Bay LightningAnderi Vasilevskiy
64%
ForwardCarolina HurricanesAndrei Svechnikov
60%
DefensemenWashington CapitalsDmitry Orlov
60%
GoalieNew York IslandersSemyon Varlamov
58%
DefensemenTampa Bay LightningMikhail Sergachev
55%
ForwardDallas StarsAlexander Radulov
52%
GoalieNew York RangersAlexander Georgiev
45%
ForwardFree AgentIlya Kovalchuk
45%
DefensemenPhiladelphia FlyersIvan Provorov
45%
GoalieDallas StarsAnton Khudobin
42%
DefensemenChicago BlackhawksNikita Zadorov
31%
ForwardOttawa SenatorsEvgeni Dadonov
30%
ForwardSt Louis BluesIvan Barbashev
27%
DefensemenOttowa SenatorsNikita Zaitsev
27%
DefensemenWinnipeg JetsDmitri Kulikov
26%
ForwardDetroit Red WingsVladislav Namestnikov
23%
ForwardOttawa SenatorsArtem Anisimov
22%
ForwardColorado AvalancheValeri Nichuskin
22%
ForwardNew Jersey DevilsNikita Gusev
17%

Score Distribution

Percentile by Number Answered

Percent of People with Each Score

Your Score History

You have not taken this quiz since the last reset